Villes hôtes des Jeux Olympiques d'été (sans dates) - Mort subite - Statistiques

Statistiques générales
  • Ce quiz a été pris 70 fois
  • Le résultat moyen est 14 sur 24
Answers on the Grid
Answers color-coded by a green-red scale on the quiz's grid according to % correct below.
Athènes
Paris
Saint Louis
Londres
Stockholm
Anvers
Amsterdam
Los Angeles
Berlin
Helsinki
Melbourne
Rome
Tokyo
Mexico
Munich
Montréal
Moscou
Séoul
Barcelone
Atlanta
Sydney
Pékin
Rio de Janeiro
Brisbane
Vancouver
Sarajevo
Oulan-Bator
La Caire
Kyoto
Ottawa
Vienne
Copenhage
Dublin
Porto
Saint-Maxime
Grenoble
Oslo
Wellington
Canberra
Jan-Claudus
Turin
Buenos Aires
Sapporo
Berne
 
Statistiques - réponses
Réponse % Correct
Londres
80%
Athènes
76%
Berlin
73%
Paris
73%
Rio de Janeiro
73%
Los Angeles
71%
Tokyo
71%
Barcelone
68%
Pékin
68%
Mexico
66%
Rome
66%
Sydney
61%
Atlanta
59%
Munich
59%
Moscou
56%
Séoul
56%
Melbourne
51%
Amsterdam
44%
Anvers
41%
Montréal
39%
Helsinki
37%
Stockholm
37%
Saint Louis
34%
Brisbane
22%
Aucun quiz correspondant
Distribution des résultats
% des personnes avec chaque résultat
Percentile par nombre de réponses
Votre historique - résultats
Vous n’avez pas pris ce quiz